000 01453cad a22002895a 4500
001 L155539
008 120327e2011 xxk 000 0 eng d
020 _a9780857604347
035 _a(Sirsi) u155539
041 0 _aeng
110 2 _aAssociation of Chartered Certified Accountants
_94293
245 0 0 _aResidential service charge accounts
_b
_h[electronic resource]
260 _aLondon
_bICAEW
_c2011
490 _aICAEW Technical Release 03/11
520 _aGuidance on accounting and reporting in relation to service charge accounts for residential properties on which variable service charges are paid in accordance with a lease or tenancy agreement. To be used in conjunction with RICS Service Charge Residential Management Code 2nd edition.
590 _aKA
650 2 4 _aSERVICE CHARGE RESIDENTIAL MANAGEMENT CODE
651 4 _aEngland
_y886-
690 _aLandlord and tenant
_96252
690 _aResidential property
_96266
710 _aInstitute of Chartered Accountants of Scotland
_92457
710 _aInstitute of Chartered Accountants in England and Wales
_92450
710 _aRoyal Institution of Chartered Surveyors
_94900
710 _aAssocation of Residential Managing Agents
_96032
856 4 0 _uhttps://www.icaew.com/en/about-icaew/what-we-do/~/media/Files/Technical/technical-releases/legal-and-regulatory/tech-03-11-residential-service-charge-accounts.ashx
_zView the item free of charge at www.icaew.com
942 _n0
999 _c83876
_d83876